Loading...
| Mythology | 0 | 3 | 1 | 0 | 25 | 57 | 66.00 | 3 | 3 | 13.65 | 27.27 |
| History - American | 0 | 1 | 0 | 0 | 10 | 104 | 104.00 | 0 | 0 | 1.98 | 3.64 |
| Literature - American | 0 | 1 | 0 | 0 | 10 | 143 | 143.00 | 0 | 0 | 0.00 | 1.82 |
| Literature - British | 0 | 1 | 0 | 0 | 10 | 147 | 147.00 | 0 | 0 | -0.06 | 3.64 |
| Social Science | 0 | 1 | 0 | 0 | 10 | 103 | 103.00 | 0 | 0 | 1.78 | 1.82 |
| Science - Physics | 0 | 1 | 0 | 0 | 10 | 88 | 88.00 | 0 | 1 | 2.64 | 7.27 |
| Fine Arts - Painting and Sculpture | 0 | 1 | 0 | 1 | 10 | 123 | 123.00 | 0 | 1 | 0.56 | 5.45 |
| Science - Biology | 0 | 1 | 0 | 0 | 10 | 86 | 86.00 | 0 | 0 | 2.84 | 3.64 |
| Science - Chemistry | 0 | 1 | 1 | 0 | 5 | 93 | 93.00 | 0 | 1 | 2.73 | 5.45 |
| Literature - European | 0 | 0 | 0 | 0 | 0 | 0.00 | 0 | 0 | 0.00 | 0.00 |